Matemáticas financieras

Guardat en:
Dades bibliogràfiques
Autors principals: Highland, Esther H (Autor), Rosenbaum, Roberta S (Autor)
Format: Llibre
Idioma:espanyol
Publicat: Ciudad de México Prentice-Hall Hispanoamericana 1987
Edició:3a. ed
Matèries:
Etiquetes: Afegir etiqueta
Sense etiquetes, Sigues el primer a etiquetar aquest registre!

MARC

LEADER 00000nam a2200000 a 4500
001 UCV7287
003 CL-VaPUC
008 901015e19870000MX |||||||||||||||||spa|d
082 0 4 |a 330.0151  |b HIG  |2 21 
100 |a Highland, Esther H  |e author  |9 301348 
700 0 |a Rosenbaum, Roberta S  |e author  |9 301349 
245 1 0 |a Matemáticas financieras 
250 |a 3a. ed 
300 |a 622 p 
942 |c BK 
945 |d 19901015 00:00:00 
260 |a Ciudad de México  |b Prentice-Hall Hispanoamericana  |c 1987 
650 0 |a Matemáticas financieras  |9 260347 
583 |a last modification  |c 19901015 00:00:00  |k Rodrigo Vera 
999 |c 212989  |d 212987